Η Επιθετικότητα / Στην Οικογένεια, στο Σχολείο, στην Κοινωνία (Record no. 2406)
[ view plain ]
| 000 -LEADER | |
|---|---|
| fixed length control field | 03559cam a22004694a 4500 |
| 005 - ΗΜΕΡΟΜΗΝΙΑ ΚΑΙ ΩΡΑ ΤΕΛΕΥΤΑΙΑΣ ΕΝΗΜΕΡΩΣΗΣ | |
| Πεδίο ελέγχου | 20250605164040.0 |
| 008 - FIXED-LENGTH DATA ELEMENTS--GENERAL INFORMATION | |
| Πεδίο ελέγχου σταθερού μήκους | 250528s ||||||||||||||||||||||||d |
| 035 ## - SYSTEM CONTROL NUMBER | |
| System control number | 16963 |
| 020 ## - ISBN | |
| ISBN | 9607019423 |
| 040 ## - ΠΗΓΗ ΚΑΤΑΛΟΓΟΓΡΑΦΗΣΗΣ | |
| Φορέας πρωτότυπης καταλογογράφησης | MC Athens Campus Library |
| Γλώσσα καταλογογράφησης | Ελληνικά, Μοντέρνα (1453-) |
| Modifying agency | MC Athens Campus Library |
| Κανόνες περιγραφικής καταλογογράφησης | AACR2 |
| 245 1# - ΤΙΤΛΟΣ ΚΑΙ ΔΗΛΩΣΗ ΥΠΕΥΘΥΝΟΤΗΤΑΣ | |
| Τίτλος | Η Επιθετικότητα / Στην Οικογένεια, στο Σχολείο, στην Κοινωνία |
| 250 ## - EDITION STATEMENT | |
| Edition statement | 2η |
| 260 ## - PUBLICATION, DISTRIBUTION, ETC. | |
| Name of publisher, distributor, etc. | Ελληνικά Γράμματα |
| -- | Παπαδόπουλος, |
| Date of publication, distribution, etc. | 1996 |
| 300 ## - PHYSICAL DESCRIPTION | |
| Extent | 328 |
| 520 ## - SUMMARY, ETC. | |
| Summary, etc. | Μια συλλογική προσπάθεια για την επιστημονική - σε βάθος και σε εύρος - μελέτη του φαινομένου της επιθετικότητας. Πρόλογος, Επισκόπηση και Αξιολόγηση του Φαινομένου της Επιθετικότητας στην Ελλάδα, Επιθετικότητα: Κλασσικές Θεωρίες και Πειραματικές Διαπιστώσεις, Η Νευροψυχολογία της Επιθετικότητας, Κοινωνικά Αίτια της Κυκλικής και Κάθετης και Οριζόντιας Αμφίδρομης Επιθετικής Συμπεριφοράς στις Πρωτογενείς Ομάδες Κοινωνικοποίησης, Γλώσσα και Επιθετικότητα, Διομαδική Σύγκρουση και Λογοανάλυση στην Κοινωνική Ψυχολογία, Εμπειρίες και Αναμνήσεις Βιαιοτήτων: Μια Άλλη Λογική, Η Επιθετική Συμπεριφορά και τα Ηλεκτρομαγνητικά Πεδία, Συγκρουσιακά Μοντέλα στην Κλινική Ψυχοπαθολογία: Θεωρητική Προσέγγιση, Η Τιμωρία ως Μορφή Επιθετικής Συμπεριφοράς των Ελλήνων Πατέρων προς τα Παιδιά τους, Γυναίκες και Βια στην Οικογένεια και στην Κοινωνία, Σεξουαλική Κακοποίηση των Παιδιών, Ψυχοπαθολογία και Επιθετικότητα, Πολιτική Βία - Τρομοκρατία: Το Πρόβλημα του Ορισμού, Θεραπεία της Συμπεριφοράς και Παιδική Επιθετικότητα, Συνειδητότητα και Διαλογισμός και Επιθετικότητα: Από το Άτομο στην Κοινωνία, Ευρετήριο Όρων. |
| 700 1# - ΠΡΟΣΘΕΤΗ ΑΝΑΓΡΑΦΗ--ΦΥΣΙΚΟ ΠΡΟΣΩΠΟ | |
| Personal name | Ανταμένκο Β |
| 9 (RLIN) | 3064 |
| 700 1# - ΠΡΟΣΘΕΤΗ ΑΝΑΓΡΑΦΗ--ΦΥΣΙΚΟ ΠΡΟΣΩΠΟ | |
| Personal name | Ασημάκης Π |
| 9 (RLIN) | 3065 |
| 700 1# - ΠΡΟΣΘΕΤΗ ΑΝΑΓΡΑΦΗ--ΦΥΣΙΚΟ ΠΡΟΣΩΠΟ | |
| Personal name | Βελλή Θ |
| 9 (RLIN) | 3066 |
| 700 1# - ΠΡΟΣΘΕΤΗ ΑΝΑΓΡΑΦΗ--ΦΥΣΙΚΟ ΠΡΟΣΩΠΟ | |
| Personal name | Βλάχος Φ |
| 9 (RLIN) | 3067 |
| 700 1# - ΠΡΟΣΘΕΤΗ ΑΝΑΓΡΑΦΗ--ΦΥΣΙΚΟ ΠΡΟΣΩΠΟ | |
| Personal name | Βουιδάσκης Β |
| 9 (RLIN) | 3068 |
| 700 1# - ΠΡΟΣΘΕΤΗ ΑΝΑΓΡΑΦΗ--ΦΥΣΙΚΟ ΠΡΟΣΩΠΟ | |
| Personal name | Ζέρβας Γ |
| 9 (RLIN) | 3069 |
| 700 1# - ΠΡΟΣΘΕΤΗ ΑΝΑΓΡΑΦΗ--ΦΥΣΙΚΟ ΠΡΟΣΩΠΟ | |
| Personal name | Κάντας Α |
| 9 (RLIN) | 3070 |
| 700 1# - ΠΡΟΣΘΕΤΗ ΑΝΑΓΡΑΦΗ--ΦΥΣΙΚΟ ΠΡΟΣΩΠΟ | |
| Personal name | Καραπέτσας Α |
| 9 (RLIN) | 237 |
| 700 1# - ΠΡΟΣΘΕΤΗ ΑΝΑΓΡΑΦΗ--ΦΥΣΙΚΟ ΠΡΟΣΩΠΟ | |
| Personal name | Κορδούτης Π |
| 9 (RLIN) | 3071 |
| 700 1# - ΠΡΟΣΘΕΤΗ ΑΝΑΓΡΑΦΗ--ΦΥΣΙΚΟ ΠΡΟΣΩΠΟ | |
| Personal name | Κούρτη Ε |
| 9 (RLIN) | 3072 |
| 700 1# - ΠΡΟΣΘΕΤΗ ΑΝΑΓΡΑΦΗ--ΦΥΣΙΚΟ ΠΡΟΣΩΠΟ | |
| Personal name | Κρασανάκης Γ |
| 9 (RLIN) | 3073 |
| 700 1# - ΠΡΟΣΘΕΤΗ ΑΝΑΓΡΑΦΗ--ΦΥΣΙΚΟ ΠΡΟΣΩΠΟ | |
| Personal name | Λαμπίδη Α |
| 9 (RLIN) | 3074 |
| 700 1# - ΠΡΟΣΘΕΤΗ ΑΝΑΓΡΑΦΗ--ΦΥΣΙΚΟ ΠΡΟΣΩΠΟ | |
| Personal name | Μιχαηλίδη-Παπαδάκη Ε |
| 9 (RLIN) | 3075 |
| 700 1# - ΠΡΟΣΘΕΤΗ ΑΝΑΓΡΑΦΗ--ΦΥΣΙΚΟ ΠΡΟΣΩΠΟ | |
| Personal name | Μπόση Μ |
| 9 (RLIN) | 3076 |
| 700 1# - ΠΡΟΣΘΕΤΗ ΑΝΑΓΡΑΦΗ--ΦΥΣΙΚΟ ΠΡΟΣΩΠΟ | |
| Personal name | Νέστορος Ι |
| 9 (RLIN) | 3077 |
| 700 1# - ΠΡΟΣΘΕΤΗ ΑΝΑΓΡΑΦΗ--ΦΥΣΙΚΟ ΠΡΟΣΩΠΟ | |
| Personal name | Παρίτσης Ν |
| 9 (RLIN) | 3078 |
| 700 1# - ΠΡΟΣΘΕΤΗ ΑΝΑΓΡΑΦΗ--ΦΥΣΙΚΟ ΠΡΟΣΩΠΟ | |
| Personal name | Πασχάλης Α |
| 9 (RLIN) | 3079 |
| 700 1# - ΠΡΟΣΘΕΤΗ ΑΝΑΓΡΑΦΗ--ΦΥΣΙΚΟ ΠΡΟΣΩΠΟ | |
| Personal name | Πλατιάς Α |
| 9 (RLIN) | 3080 |
| 700 1# - ΠΡΟΣΘΕΤΗ ΑΝΑΓΡΑΦΗ--ΦΥΣΙΚΟ ΠΡΟΣΩΠΟ | |
| Personal name | Πουρκός Μ |
| 9 (RLIN) | 3081 |
| 700 1# - ΠΡΟΣΘΕΤΗ ΑΝΑΓΡΑΦΗ--ΦΥΣΙΚΟ ΠΡΟΣΩΠΟ | |
| Personal name | Ρήγα Α.Β |
| 9 (RLIN) | 3082 |
| 700 1# - ΠΡΟΣΘΕΤΗ ΑΝΑΓΡΑΦΗ--ΦΥΣΙΚΟ ΠΡΟΣΩΠΟ | |
| Personal name | Σκόδρα Ε |
| 9 (RLIN) | 3083 |
| 700 1# - ΠΡΟΣΘΕΤΗ ΑΝΑΓΡΑΦΗ--ΦΥΣΙΚΟ ΠΡΟΣΩΠΟ | |
| Personal name | Τοδούλου Μ |
| 9 (RLIN) | 3084 |
| 700 1# - ΠΡΟΣΘΕΤΗ ΑΝΑΓΡΑΦΗ--ΦΥΣΙΚΟ ΠΡΟΣΩΠΟ | |
| Personal name | Τριλίβα Σ |
| 9 (RLIN) | 3085 |
| 942 ## - ADDED ENTRY ELEMENTS (KOHA) | |
| Koha item type | Books |
| Τύπος τεκμηρίου | Βιβλιοθήκη | Τρέχουσα τοποθεσία | Barcode | Αριθμός εισαγωγής | Ημερομηνία απόκτησης | Ταξιθετικό σύμβολο | Αριθμός αντιτύπου | Κατάσταση απόσυρσης | Κατάσταση χαμένου | Κατάσταση κατεστραμμένου | Μη δανεισμός | Σύνολο δανεισμών | Ημερομηνία τελευταίας εμφάνισης | Η τιμή ισχύει από |
|---|---|---|---|---|---|---|---|---|---|---|---|---|---|---|
| Books | MC Athens Campus Library | MC Athens Campus Library | 9780000024053 | 6133 | 05/06/2025 | 302.54 ADA | 1 | 05/06/2025 | 05/06/2025 |